Greyfriars Bobby, (Record no. 173069)
[ view plain ]
| 000 -LEADER | |
|---|---|
| fixed length control field | 00696cam a22002531 4500 |
| 001 - CONTROL NUMBER | |
| control field | 5888398 |
| 003 - CONTROL NUMBER IDENTIFIER | |
| control field | Nust |
| 005 - DATE AND TIME OF LATEST TRANSACTION | |
| control field | 20220831092831.0 |
| 008 - FIXED-LENGTH DATA ELEMENTS--GENERAL INFORMATION | |
| fixed length control field | 750512s1912 nyu 000 1 eng |
| 010 ## - LIBRARY OF CONGRESS CONTROL NUMBER | |
| LC control number | 12002928 |
| 020 ## - INTERNATIONAL STANDARD BOOK NUMBER | |
| International Standard Book Number | 0140622012 |
| Terms of availability | Rs. 612 |
| 035 ## - SYSTEM CONTROL NUMBER | |
| System control number | (OCoLC)1327128 |
| 038 ## - RECORD CONTENT LICENSOR | |
| Staff Name | Arshad |
| 040 ## - CATALOGING SOURCE | |
| Original cataloging agency | DLC |
| Transcribing agency | OKentU |
| Modifying agency | OCoLC |
| -- | DLC |
| 042 ## - AUTHENTICATION CODE | |
| Authentication code | premarc |
| 050 00 - LIBRARY OF CONGRESS CALL NUMBER | |
| Classification number | PZ10.3.A879 |
| Item number | Gr |
| 082 ## - DEWEY DECIMAL CLASSIFICATION NUMBER | |
| Classification number | 823 |
| Author Mark | ATK |
| 100 1# - MAIN ENTRY--PERSONAL NAME | |
| Personal name | Atkinson, Eleanor, |
| Dates associated with a name | 1863-1942. |
| 9 (RLIN) | 11634 |
| 245 10 - TITLE STATEMENT | |
| Title | Greyfriars Bobby, |
| Statement of responsibility, etc. | Eleanor Atkinson. |
| 260 ## - PUBLICATION, DISTRIBUTION, ETC. | |
| Place of publication, distribution, etc. | New York, |
| -- | London, |
| Name of publisher, distributor, etc. | Harper & Brothers, |
| Date of publication, distribution, etc. | 1940. |
| 300 ## - PHYSICAL DESCRIPTION | |
| Extent | 218p. |
| Dimensions | 20 cm. |
| 906 ## - LOCAL DATA ELEMENT F, LDF (RLIN) | |
| a | 7 |
| b | cbc |
| c | oclcrpl |
| d | u |
| e | ncip |
| f | 19 |
| g | y-gencatlg |
| 942 ## - ADDED ENTRY ELEMENTS (KOHA) | |
| Source of classification or shelving scheme | |
| Koha item type | Book |
| Withdrawn status | Lost status | Source of classification or shelving scheme | Damaged status | Not for loan | Collection code | Permanent Location | Current Location | Shelving location | Date acquired | Total Checkouts | Full call number | Barcode | Date last seen | Copy number | Price effective from | Koha item type |
|---|---|---|---|---|---|---|---|---|---|---|---|---|---|---|---|---|
| Central Library (CL) | Central Library (CL) | Fiction | 01/18/2017 | 823.912 ATK | CL907 | 01/18/2017 | 1 | 01/18/2017 | Book | |||||||
| Central Library (CL) | Central Library (CL) | Fiction | 01/18/2017 | 823.912 ATK | CL827 | 01/18/2017 | 2 | 01/18/2017 | Book |
